|
|
|
|
| LEADER |
01462nam a22004455i 4500 |
| 001 |
978-94-007-1614-8 |
| 003 |
DE-He213 |
| 005 |
20151120191305.0 |
| 007 |
cr nn 008mamaa |
| 008 |
110426s2011 ne | s |||| 0|eng d |
| 020 |
|
|
|a 9789400716148
|9 978-94-007-1614-8
|
| 024 |
7 |
|
|a 10.1007/978-94-007-1614-8
|2 doi
|
| 040 |
|
|
|d GrThAP
|
| 050 |
|
4 |
|a B67
|
| 072 |
|
7 |
|a PDA
|2 bicssc
|
| 072 |
|
7 |
|a SCI075000
|2 bisacsh
|
| 082 |
0 |
4 |
|a 501
|2 23
|
| 100 |
1 |
|
|a Kosso, Peter.
|e author.
|
| 245 |
1 |
2 |
|a A Summary of Scientific Method
|h [electronic resource] /
|c by Peter Kosso.
|
| 264 |
|
1 |
|a Dordrecht :
|b Springer Netherlands,
|c 2011.
|
| 300 |
|
|
|a XI, 41 p.
|b online resource.
|
| 336 |
|
|
|a text
|b txt
|2 rdacontent
|
| 337 |
|
|
|a computer
|b c
|2 rdamedia
|
| 338 |
|
|
|a online resource
|b cr
|2 rdacarrier
|
| 347 |
|
|
|a text file
|b PDF
|2 rda
|
| 490 |
1 |
|
|a SpringerBriefs in Philosophy,
|x 2211-4548 ;
|v 1
|
| 520 |
|
|
|a No back cover text.
|
| 650 |
|
0 |
|a Philosophy.
|
| 650 |
|
0 |
|a Science.
|
| 650 |
|
0 |
|a Philosophy and science.
|
| 650 |
1 |
4 |
|a Philosophy.
|
| 650 |
2 |
4 |
|a Philosophy of Science.
|
| 650 |
2 |
4 |
|a Science, general.
|
| 710 |
2 |
|
|a SpringerLink (Online service)
|
| 773 |
0 |
|
|t Springer eBooks
|
| 776 |
0 |
8 |
|i Printed edition:
|z 9789400716131
|
| 830 |
|
0 |
|a SpringerBriefs in Philosophy,
|x 2211-4548 ;
|v 1
|
| 856 |
4 |
0 |
|u http://dx.doi.org/10.1007/978-94-007-1614-8
|z Full Text via HEAL-Link
|
| 912 |
|
|
|a ZDB-2-SHU
|
| 950 |
|
|
|a Humanities, Social Sciences and Law (Springer-11648)
|